[Event "Lugano Paradiso op"]
[Site "Lugano"]
[Date "2023.05.26"]
[Round "1"]
[White "Carre, Sylvain"]
[Black "Cattomio, Roberto"]
[Result "1-0"]
[WhiteElo "2080"]
[BlackElo "1571"]
[PlyCount "81"]
[EventDate "2023.05.26"]
[EventType "swiss"]
[EventRounds "5"]
[EventCountry "SUI"]
[SourceTitle "CBM 214 Extra"]
[Source "ChessBase"]
[SourceDate "2023.07.31"]
[SourceVersion "1"]
[SourceVersionDate "2023.07.31"]
[SourceQuality "1"]

1. d4 d5 2. Bf4 Nf6 3. e3 e6 4. Nd2 c5 5. c3 Nc6 6. Ngf3 a6 7. Bd3 c4 8. Bc2 Bd6 9. Bxd6 Qxd6 10. e4 e5 11. exd5 Qxd5 12. Qe2 Bg4 13. dxe5 Bxf3 14. Nxf3 Ng4 15. Rd1 Qc5 16. 0-0 0-0 17. Qe4 f5 18. Qd5+ Qxd5 19. Rxd5 Rae8 20. Re1 g6 21. h3 Nh6 22. Rc5 Nf7 23. Ba4 Nfd8 24. Bxc6 Nxc6 25. Rxc4 Re6 26. Rc5 b6 27. Rd5 Rfe8 28. h4 h6 29. Kf1 Kf7 30. g3 Na5 31. Nd4 R6e7 32. b3 Nb7 33. h5 Nc5 34. hxg6+ Kxg6 35. Rd6+ Kh7 36. Nxf5 Re6 37. Rxe6 Rxe6 38. Nd4 Re8 39. Re3 Kg6 40. f4 Nd7 41. Kf2 1-0

[Event "Titled Tuesday intern op 11th Apr Early"]
[Site "Chess.com INT"]
[Date "2023.04.11"]
[Round "3"]
[White "Carre, Sylvain"]
[Black "Grutter, Tim"]
[Result "0-1"]
[WhiteElo "2069"]
[BlackElo "2353"]
[PlyCount "100"]
[EventDate "2023.04.11"]
[EventType "swiss (blitz)"]
[EventRounds "11"]
[EventCountry "USA"]
[SourceTitle "CBM 213 Extra"]
[Source "ChessBase"]
[SourceDate "2023.05.31"]
[SourceVersion "1"]
[SourceVersionDate "2023.05.31"]
[SourceQuality "1"]

1. d4 g6 2. Bf4 Bg7 3. e3 d6 4. Nf3 Nf6 5. Be2 0-0 6. 0-0 a6 7. h3 b5 8. a4 b4 9. c4 bxc3 10. bxc3 Bb7 11. c4 Nbd7 12. Nc3 c5 13. a5 Ne4 14. Nxe4 Bxe4 15. Ra2 cxd4 16. exd4 Rb8 17. c5 Rb1 18. Qd2 Rxf1+ 19. Bxf1 dxc5 20. dxc5 Nxc5 21. Qxd8 Rxd8 22. Be3 Nb3 23. Bxa6 Bxf3 24. gxf3 Rd1+ 25. Kg2 Ra1 26. Rxa1 Bxa1 27. Bg5 Kf8 28. Bh6+ Bg7 29. Bxg7+ Kxg7 30. Bf1 Nxa5 31. h4 Nc6 32. Kg3 e5 33. Ba6 Nd4 34. Bb7 Ne6 35. Ba8 Nf4 36. Bb7 f6 37. Ba8 h5 38. Bb7 g5 39. hxg5 fxg5 40. Bc8 Kf6 41. Bd7 h4+ 42. Kg4 Nd3 43. Kh3 Nxf2+ 44. Kh2 Nd3 45. Bc8 Nf4 46. Bd7 Ke7 47. Bc8 Kd6 48. Ba6 Kc5 49. Bf1 Kd4 50. Kg1 Ke3 0-1

[Event "Titled Tuesday intern op 04th Apr Early"]
[Site "Chess.com INT"]
[Date "2023.04.04"]
[Round "2"]
[White "Hnydiuk, Aleksander"]
[Black "Carre, Sylvain"]
[Result "1-0"]
[WhiteElo "2363"]
[BlackElo "2069"]
[PlyCount "81"]
[EventDate "2023.04.04"]
[EventType "swiss (blitz)"]
[EventRounds "11"]
[EventCountry "USA"]
[SourceTitle "EXT 2024"]
[Source "ChessBase"]
[SourceDate "2023.10.10"]
[SourceVersion "1"]
[SourceVersionDate "2023.10.10"]
[SourceQuality "1"]

1. Nf3 d5 2. d4 Nf6 3. c4 c5 4. cxd5 cxd4 5. Qxd4 Qxd5 6. Nc3 Qxd4 7. Nxd4 a6 8. g3 e5 9. Nc2 Bd7 10. Bg2 Bc6 11. 0-0 Bxg2 12. Kxg2 Nc6 13. Bg5 Be7 14. Ne3 0-0 15. Nf5 h6 16. Bxf6 Bxf6 17. Nd5 Bd8 18. Rac1 Kh7 19. Rfd1 g6 20. Nd6 Rb8 21. b3 Nd4 22. e3 Ne6 23. h4 Kg7 24. h5 Bg5 25. hxg6 fxg6 26. Nb6 Rfd8 27. Ndc4 Bf6 28. Nd7 Rbc8 29. Ncxe5 Rxc1 30. Rxc1 Bxe5 31. Nxe5 Rd2 32. a4 Rb2 33. Rc3 b5 34. Nd3 Rb1 35. a5 Ng5 36. b4 Rd1 37. Rc7+ Kf6 38. Rc6+ Kg7 39. Nf4 Ne4 40. Re6 g5 41. Nh5+ 1-0

[Event "Titled Tuesday intern op 08th Mar Early"]
[Site "Chess.com INT"]
[Date "2022.03.08"]
[Round "6"]
[White "Carre, Sylvain"]
[Black "Demin, Vladimir"]
[Result "0-1"]
[WhiteElo "2143"]
[BlackElo "2430"]
[PlyCount "150"]
[EventDate "2022.03.08"]
[EventType "swiss (blitz)"]
[EventRounds "11"]
[EventCountry "USA"]
[SourceTitle "CBM 207 Extra"]
[Source "ChessBase"]
[SourceDate "2022.05.31"]
[SourceVersion "1"]
[SourceVersionDate "2022.05.31"]
[SourceQuality "1"]

1. d4 Nf6 2. Bf4 d5 3. e3 c5 4. c3 Nc6 5. Nd2 e6 6. Ngf3 Bd6 7. Bg3 0-0 8. Bd3 c4 9. Bc2 b5 10. a3 a5 11. 0-0 Bxg3 12. hxg3 Bb7 13. e4 dxe4 14. Nxe4 Nxe4 15. Bxe4 h6 16. Ne5 Qc7 17. Nxc6 Bxc6 18. Qf3 Bxe4 19. Qxe4 Rfd8 20. Rfe1 Rab8 21. Re3 Rd5 22. Qf3 b4 23. axb4 axb4 24. Qf4 Qb7 25. Ra4 bxc3 26. Rxc3 Qxb2 27. Raxc4 Rbd8 28. Rc7 Rf5 29. Qe3 Qa1+ 30. Rc1 Qxd4 31. Qxd4 Rxd4 32. R7c4 Rd2 33. Rf4 Rxf4 34. gxf4 g6 35. g3 Kg7 36. Kg2 h5 37. Rc7 Rd5 38. Rb7 Kf6 39. Rb4 Rd7 40. Rb6 h4 41. Rb2 Rd5 42. Kh3 hxg3 43. fxg3 Kf5 44. Re2 f6 45. Re3 Rd4 46. Re2 Re4 47. Ra2 g5 48. fxg5 Kxg5 49. Kg2 Rd4 50. Kf3 e5 51. Re2 Ra4 52. Kf2 Kg4 53. Rb2 f5 54. Rc2 Ra3 55. Rc8 Ra2+ 56. Ke3 Kxg3 57. Rg8+ Kh4 58. Rh8+ Kg5 59. Rg8+ Kf6 60. Rf8+ Ke6 61. Re8+ Kd6 62. Rf8 f4+ 63. Ke4 Ra4+ 64. Kd3 Rd4+ 65. Kc3 Ke7 66. Rb8 Ke6 67. Re8+ Kf5 68. Re7 Ke4 69. Rh7 Rd3+ 70. Kc2 Rd8 71. Rh3 f3 72. Rh1 Ke3 73. Re1+ Kf4 74. Kc3 e4 75. Rf1 e3 0-1

[Event "Titled Tuesday intern op 08th Mar Early"]
[Site "Chess.com INT"]
[Date "2022.03.08"]
[Round "9"]
[White "Mirzanurov, Bulat"]
[Black "Carre, Sylvain"]
[Result "1-0"]
[WhiteElo "2199"]
[BlackElo "2143"]
[PlyCount "81"]
[EventDate "2022.03.08"]
[EventType "swiss (blitz)"]
[EventRounds "11"]
[EventCountry "USA"]
[SourceTitle "CBM 207 Extra"]
[Source "ChessBase"]
[SourceDate "2022.05.31"]
[SourceVersion "1"]
[SourceVersionDate "2022.05.31"]
[SourceQuality "1"]

1. e4 e5 2. Nf3 Nf6 3. Nxe5 d6 4. Nf3 Nxe4 5. Nc3 Nxc3 6. dxc3 Be7 7. Be3 Nd7 8. Qd2 Ne5 9. Be2 Be6 10. 0-0-0 Nc4 11. Bxc4 Bxc4 12. Kb1 0-0 13. h4 a5 14. g4 a4 15. a3 Re8 16. h5 Qd7 17. g5 Bf8 18. Qd4 Be2 19. Qf4 Bxd1 20. Rxd1 Ra5 21. Nh2 Qf5 22. Qh4 Rd5 23. Rc1 b5 24. h6 Re4 25. Qg3 c5 26. Rg1 g6 27. Ng4 Be7 28. f3 Re6 29. Bc1 Bxg5 30. f4 Be7 31. Ne3 Rxe3 32. Qxe3 Bf8 33. Re1 b4 34. cxb4 cxb4 35. axb4 Bxh6 36. Qe8+ Bf8 37. Re7 Rd1 38. Rc7 Qxf4 39. Ka2 Rxc1 40. Rc8 Rf1 41. Qxf8# 1-0

[Event "Titled Tuesday intern op 08th Mar Early"]
[Site "Chess.com INT"]
[Date "2022.03.08"]
[Round "4"]
[White "Msellek, Ilyass"]
[Black "Carre, Sylvain"]
[Result "0-1"]
[WhiteElo "2411"]
[BlackElo "2143"]
[PlyCount "104"]
[EventDate "2022.03.08"]
[EventType "swiss (blitz)"]
[EventRounds "11"]
[EventCountry "USA"]
[SourceTitle "CBM 207 Extra"]
[Source "ChessBase"]
[SourceDate "2022.05.31"]
[SourceVersion "1"]
[SourceVersionDate "2022.05.31"]
[SourceQuality "1"]

1. d4 d5 2. Nf3 c6 3. e3 Nf6 4. Bd3 Bg4 5. Nbd2 e6 6. h3 Bh5 7. b3 Bd6 8. Bb2 Nbd7 9. 0-0 0-0 10. g4 Bg6 11. Ne5 Bxd3 12. cxd3 c5 13. f4 cxd4 14. exd4 Ne8 15. Qe2 Rc8 16. Ndf3 f6 17. Nxd7 Qxd7 18. Nh4 Rc6 19. Rae1 Nc7 20. f5 Bg3 21. Ng2 Bxe1 22. Qxe1 Re8 23. Qg3 exf5 24. gxf5 Rc2 25. Ba3 Nb5 26. Bc5 b6 27. a4 Nc3 28. Nf4 bxc5 29. Kh1 Ne2 30. Qg4 Nxf4 31. Qxf4 Ree2 32. Rb1 Rh2+ 33. Kg1 Rcg2+ 34. Kf1 Rf2+ 35. Qxf2 Rxf2+ 36. Kxf2 Qxf5+ 37. Ke2 cxd4 38. Rc1 Qe6+ 39. Kd2 Qxh3 40. Kc2 Qc8+ 41. Kb2 Qb7 42. Ka3 a5 43. Ka2 h5 44. Rc5 h4 45. Rb5 Qe7 46. Rxa5 h3 47. Ra8+ Kh7 48. a5 h2 49. a6 h1Q 50. Rc8 Qg2+ 51. Rc2 Qxc2+ 52. Ka1 Qe1# 0-1

[Event "Titled Tuesday intern op 08th Mar Early"]
[Site "Chess.com INT"]
[Date "2022.03.08"]
[Round "10"]
[White "Van den Dikkenberg, Erik"]
[Black "Carre, Sylvain"]
[Result "1-0"]
[WhiteElo "2160"]
[BlackElo "2143"]
[PlyCount "65"]
[EventDate "2022.03.08"]
[EventType "swiss (blitz)"]
[EventRounds "11"]
[EventCountry "USA"]
[SourceTitle "CBM 207 Extra"]
[Source "ChessBase"]
[SourceDate "2022.05.31"]
[SourceVersion "1"]
[SourceVersionDate "2022.05.31"]
[SourceQuality "1"]

1. e4 e5 2. Nf3 Nf6 3. Nxe5 d6 4. Nf3 Nxe4 5. Nc3 Nxc3 6. dxc3 Be7 7. Bf4 Nd7 8. Qd2 Nc5 9. 0-0-0 0-0 10. h4 Bg4 11. Kb1 a5 12. Bd3 Nxd3 13. Qxd3 Bxf3 14. Qxf3 c6 15. h5 d5 16. g4 Bg5 17. h6 Bxf4 18. hxg7 Bg5 19. gxf8Q+ Qxf8 20. Qf5 Qg7 21. f4 Be7 22. Rde1 Bf8 23. Qd7 Rb8 24. g5 a4 25. f5 Kh8 26. g6 fxg6 27. Qe6 g5 28. f6 Qg8 29. Qe5 Rd8 30. Rh5 h6 31. Reh1 Qf7 32. Rxg5 Bd6 33. Rxh6+ 1-0

[Event "Titled Tuesday intern op 01st Mar Late"]
[Site "Chess.com INT"]
[Date "2022.03.01"]
[Round "10"]
[White "Carre, Sylvain"]
[Black "Antonova, Nadezhda"]
[Result "1-0"]
[WhiteElo "2127"]
[BlackElo "1842"]
[PlyCount "87"]
[EventDate "2022.03.01"]
[EventType "swiss (blitz)"]
[EventRounds "11"]
[EventCountry "USA"]
[SourceTitle "CBM 207 Extra"]
[Source "ChessBase"]
[SourceDate "2022.05.31"]
[SourceVersion "1"]
[SourceVersionDate "2022.05.31"]
[SourceQuality "1"]

1. d4 Nf6 2. Bf4 g6 3. e3 Bg7 4. Be2 0-0 5. Nf3 d6 6. 0-0 c5 7. c3 Nbd7 8. h3 b6 9. Nbd2 Bb7 10. Bh2 Qc7 11. a4 a6 12. Re1 Ne4 13. Nxe4 Bxe4 14. Nd2 Bc6 15. Bf3 b5 16. Bxc6 Qxc6 17. Qf3 Qxf3 18. Nxf3 Nb6 19. axb5 axb5 20. Nd2 Ra4 21. dxc5 dxc5 22. Bc7 Rxa1 23. Rxa1 Ra8 24. Rxa8+ Nxa8 25. Ba5 f5 26. Nb3 c4 27. Nd4 Bxd4 28. exd4 Kf7 29. Kf1 Ke6 30. Ke2 Kd5 31. Kf3 e5 32. dxe5 Kxe5 33. g4 f4 34. h4 h6 35. h5 g5 36. Bd8 Ke6 37. Ke4 Kd7 38. Bxg5 hxg5 39. h6 Nc7 40. h7 Ne6 41. h8Q Nc5+ 42. Kd5 Nd3 43. Qg7+ Ke8 44. Kd6 1-0

[Event "Titled Tuesday intern op 01st Mar Late"]
[Site "Chess.com INT"]
[Date "2022.03.01"]
[Round "8"]
[White "Carre, Sylvain"]
[Black "Erdogdu, Mert"]
[Result "0-1"]
[WhiteElo "2127"]
[BlackElo "2407"]
[PlyCount "68"]
[EventDate "2022.03.01"]
[EventType "swiss (blitz)"]
[EventRounds "11"]
[EventCountry "USA"]
[SourceTitle "CBM 207 Extra"]
[Source "ChessBase"]
[SourceDate "2022.05.31"]
[SourceVersion "1"]
[SourceVersionDate "2022.05.31"]
[SourceQuality "1"]

1. d4 d5 2. Bf4 Nf6 3. e3 c5 4. c3 Nc6 5. Nd2 e6 6. Ngf3 Bd6 7. Bg3 0-0 8. Bd3 b6 9. Qe2 Bb7 10. Rd1 Re8 11. e4 Be7 12. e5 Nh5 13. a3 a5 14. h4 g6 15. Qe3 Ba6 16. Bxa6 Rxa6 17. Ng5 Bf8 18. Bh2 Ng7 19. g4 h5 20. f3 cxd4 21. cxd4 b5 22. Rc1 a4 23. 0-0 b4 24. axb4 Nxb4 25. Kg2 Rb6 26. Ra1 Nc2 27. Qc3 Nxa1 28. Rxa1 Qb8 29. Ra2 Rc8 30. Qa5 Rxb2 31. Qxa4 Rc4 32. Rxb2 Qxb2 33. Qd1 Rc2 34. Bf4 Bb4 0-1

[Event "Titled Tuesday intern op 08th Feb Early"]
[Site "Chess.com INT"]
[Date "2022.02.08"]
[Round "8"]
[White "Carre, Sylvain"]
[Black "Lauridsen, Jesper Morch"]
[Result "0-1"]
[WhiteElo "2127"]
[BlackElo "2215"]
[PlyCount "46"]
[EventDate "2022.02.08"]
[EventType "swiss (blitz)"]
[EventRounds "11"]
[EventCountry "USA"]
[SourceTitle "CBM 206 Extra"]
[Source "ChessBase"]
[SourceDate "2022.03.31"]
[SourceVersion "1"]
[SourceVersionDate "2022.03.31"]
[SourceQuality "1"]

1. d4 g6 2. Bf4 d6 3. e3 Bg7 4. Nf3 Nd7 5. Bc4 h6 6. h4 e6 7. Nbd2 a6 8. Bg3 b5 9. Bb3 Bb7 10. 0-0 Ne7 11. a4 b4 12. c4 bxc3 13. bxc3 Nf5 14. Bh2 Nxh4 15. Nxh4 Qxh4 16. e4 0-0 17. Rb1 Rab8 18. Bg3 Qe7 19. Qe2 e5 20. d5 f5 21. exf5 gxf5 22. f4 e4 23. Rfc1 Nc5 0-1